| 000 | 004360000a22001810004500 | ||
|---|---|---|---|
| 003 | MACL | ||
| 005 | 20160130130204.0 | ||
| 008 | 160130b xxu||||| |||| 00| 0 eng d | ||
| 040 |
_aMACL _cMACL |
||
| 041 | _aEnglish | ||
| 082 | _a823/PAT | ||
| 100 |
_aPatierson, James _935932 |
||
| 245 | _aViolets are Blue | ||
| 260 |
_bHeadline Publishing _c2002 _aLondon |
||
| 350 | _a95 | ||
| 650 |
_aFiction _935933 |
||
| 942 |
_cBK _k823/ Pat _2ddc |
||
| 999 |
_c31092 _d31092 |
||